Calculating lost labor (Record no. 103125)

MARC details
000 -LEADER
fixed length control field 01526cam a2200277 4500
008 - FIXED-LENGTH DATA ELEMENTS--GENERAL INFORMATION
fixed length control field 031013n1995 000 0 eng u
020 ## - INTERNATIONAL STANDARD BOOK NUMBER
International Standard Book Number 0735514224
035 ## - SYSTEM CONTROL NUMBER
System control number (Sirsi) u123913
041 ## - LANGUAGE CODE
Language code of text/sound track or separate title eng
050 ## - LIBRARY OF CONGRESS CALL NUMBER
Classification number 692.80973
-- 18
100 ## - MAIN ENTRY--PERSONAL NAME
Personal name Schwartzkopf, W.
245 ## - TITLE STATEMENT
Title Calculating lost labor
Remainder of title productivity in construction claims
260 ## - PUBLICATION, DISTRIBUTION, ETC.
Place of publication, distribution, etc. New York
Name of publisher, distributor, etc. Aspen
Date of publication, distribution, etc. 1995
300 ## - PHYSICAL DESCRIPTION
Extent xv, 247p.
Dimensions 26cm.
350 ## - PRICE (NR) (BK AM CF MU VM SE) [OBSOLETE]
Price 175
520 ## - SUMMARY, ETC.
Summary, etc. Additional labour costs constitue the single largest element of most construction claims. This is generally caused by lost labour productivity. This book provides information on some of the studies from the past 30 years on construction productivity and attempts to provide practical guidelines on how these studies may be applied to practical situations. Subjects covered include: labour productivity defined; overtime and shift work; acceleration; the effect of change orders on productivity; productivity losses related to weather; learning curves; project characteristics that affect labour; project management impacts on productivity; nonwage labour costs; measuring productivity; predicting labour productivity losses and the presentation of productivity analyses. Also contains a table of cases.
650 ## - SUBJECT ADDED ENTRY--TOPICAL TERM
Topical term or geographic name entry element UNITED STATES
650 ## - SUBJECT ADDED ENTRY--TOPICAL TERM
Topical term or geographic name entry element PRODUCTIVITY
650 ## - SUBJECT ADDED ENTRY--TOPICAL TERM
Topical term or geographic name entry element BUILT ENVIRONMENT
650 ## - SUBJECT ADDED ENTRY--TOPICAL TERM
Topical term or geographic name entry element SHIFTWORK
650 ## - SUBJECT ADDED ENTRY--TOPICAL TERM
Topical term or geographic name entry element WEATHER
650 ## - SUBJECT ADDED ENTRY--TOPICAL TERM
Topical term or geographic name entry element MANAGEMENT-PROJECT MANAGEMENT
650 ## - SUBJECT ADDED ENTRY--TOPICAL TERM
Topical term or geographic name entry element LABOUR COSTS
690 ## - LOCAL SUBJECT ADDED ENTRY--TOPICAL TERM (OCLC, RLIN)
Topical term or geographic name as entry element BUILDING AND CONSTRUCTION-ECONOMICS
942 ## - ADDED ENTRY ELEMENTS (KOHA)
Suppress in OPAC 0
Holdings
Withdrawn status Lost status Source of classification or shelving scheme Damaged status Not for loan Home library Current library Shelving location Date acquired Cost, normal purchase price Total Checkouts Full call number Barcode Date last seen Date last checked out Copy number Cost, replacement price Price effective from Koha item type
    Other/Generic Classification Scheme     London London Books 27/02/2004 83.09 16 692.80973 30068679 06/08/2019 08/07/2008 1 83.09 06/08/2019 Book